| 000 | 00982cab a2200289 4500 | ||
|---|---|---|---|
| 001 | ABS50162 | ||
| 008 | 090401t1994 xxu||||| |||| 00| 0 eng d | ||
| 035 | _a(Sirsi) u74450 | ||
| 041 | _aeng | ||
| 100 | _aHughes, H.G. | ||
| 245 | _aUpwards/downwards rent reviews in renewed leases | ||
| 260 | _c1994 | ||
| 350 | _a0 | ||
| 490 |
_aRent Review & Lease Renewal _v14(1) 1994, 7-9(3) |
||
| 520 | _aMaintains that the movement of rent reviews should be dictated by market forces not legislation. | ||
| 650 | _aAMERJEE V BARROWFEN PROPERTIES LTD | ||
| 650 | _aBLYTHEWOOD PLANT HIRE LTD V SPIERS LTD | ||
| 650 | _aBOOTS THE CHEMISTS V PINKLAND LTD | ||
| 650 | _aDOWNWARDS RENT REVIEWS | ||
| 650 | _aJANES (GOWNS) LTD V HARLOW DEVELOPMENT CORPORATION | ||
| 650 | _aRENT REVIEWS | ||
| 650 | _aSTYLO SHOES LTD V MANCHESTER ROYAL EXCHANGE | ||
| 650 | _aUPWARD ONLY RENT REVIEWS | ||
| 690 | _aLANDLORD AND TENANT-BUSINESS TENANCIES | ||
| 942 | _n0 | ||
| 948 | _c04/03/1997 | ||
| 999 |
_c46962 _d46962 |
||